[Event "Donau op 07th"]
[Site "Aschach"]
[Date "1998.12.27"]
[Round "3"]
[White "Schroeder, Hubert"]
[Black "Kilgus, Georg"]
[Result "0-1"]
[WhiteElo "2020"]
[BlackElo "2210"]
[PlyCount "114"]
[EventDate "1998.12.26"]
[EventType "swiss"]
[EventRounds "7"]
[EventCountry "AUT"]
[SourceTitle "EXT 2000"]
[Source "ChessBase"]
[SourceDate "1999.11.16"]
[SourceVersion "1"]
[SourceVersionDate "1999.11.16"]
[SourceQuality "1"]

1. d4 Nf6 2. c4 g6 3. Nc3 Bg7 4. e4 0-0 5. f4 d6 6. Nf3 Na6 7. a3 e5 8. fxe5 dxe5 9. Nxe5 c5 10. d5 Re8 11. Nf3 Nxe4 12. Nxe4 Rxe4+ 13. Kf2 Bg4 14. Qc2 Bxf3 15. gxf3 Bd4+ 16. Kg2 Re1 17. Bd3 Qh4 18. Rxe1 Qxe1 19. Qe2 Qg1+ 20. Kh3 Nc7 21. Qf1 Qxf1+ 22. Bxf1 f5 23. Bf4 Ne8 24. Rb1 Kf7 25. b4 b6 26. Kg3 Nf6 27. Bd6 Nd7 28. Re1 Re8 29. Rxe8 Kxe8 30. b5 Be5+ 31. Bxe5 Nxe5 32. Kf4 Nf7 33. h4 Ke7 34. Ke3 Kf6 35. f4 h6 36. Be2 Nd6 37. Bd3 g5 38. hxg5+ hxg5 39. fxg5+ Kxg5 40. Kf3 Nf7 41. Be2 Kf6 42. Kf4 Ne5 43. Ke3 Kg5 44. Bf1 Nf7 45. Bd3 Kg4 46. Be2+ Kg3 47. Bf1 Nd6 48. Bd3 f4+ 49. Ke2 Kg2 50. Ke1 f3 51. Bf1+ Kg1 52. Bh3 Nxc4 53. a4 Nd6 54. Kd1 Ne4 55. Ke1 f2+ 56. Ke2 Nc3+ 57. Kd3 Nxd5 0-1

[Event "Donau op 04th"]
[Site "Aschach"]
[Date "1995.??.??"]
[Round "2"]
[White "Schroeder, Hubert"]
[Black "Lehner, Oliver"]
[Result "0-1"]
[WhiteElo "1860"]
[BlackElo "2260"]
[PlyCount "124"]
[EventDate "1995.12.??"]
[EventType "swiss"]
[EventRounds "7"]
[EventCountry "AUT"]
[SourceTitle "EXT 1997"]
[Source "ChessBase"]
[SourceDate "1996.11.15"]
[SourceVersion "1"]
[SourceVersionDate "1996.11.15"]
[SourceQuality "1"]

1. e4 c5 2. f4 d5 3. e5 Nc6 4. Nf3 Bg4 5. Bb5 Rc8 6. 0-0 e6 7. Bxc6+ Rxc6 8. d3 h5 9. h3 Bxf3 10. Qxf3 Ne7 11. Be3 Nf5 12. Bf2 h4 13. Nd2 Be7 14. Rad1 g6 15. c3 Kf8 16. Rfe1 a5 17. b3 Rc8 18. Nf1 b5 19. Ne3 Nxe3 20. Bxe3 Qd7 21. Bf2 Kg7 22. Qg4 c4 23. dxc4 bxc4 24. Bd4 Rh5 25. Qe2 Rf5 26. Rf1 cxb3 27. axb3 Rb8 28. Rb1 Rb5 29. Qd3 Qb7 30. Qc2 Bc5 31. Bxc5 Rxc5 32. Rf3 Qc7 33. Qd2 Qb6 34. Kh2 Rb5 35. Qf2 Qxf2 36. Rxf2 g5 37. g3 hxg3+ 38. Kxg3 gxf4+ 39. Rxf4 Rxe5 40. Rg4+ Kf8 41. Kf3 Rh5 42. h4 Ke7 43. b4 f5 44. Rd4 Rh8 45. Ke3 Rg8 46. Kf3 Rc8 47. Rd3 Rc4 48. Rh1 axb4 49. cxb4 Rbxb4 50. h5 Rh4 51. Rdd1 Rb3+ 52. Kg2 Rxh1 53. Rxh1 Kf7 54. h6 Kg8 55. Re1 Rb6 56. Kg3 Kh7 57. Kf4 Kxh6 58. Ke5 Kg6 59. Rg1+ Kf7 60. Rh1 Rb4 61. Rh7+ Kg6 62. Rh8 Re4+ 0-1